000 00826nam a2200277 i 4500
003 DO-SdBNP
005 20250429110432.0
006 a||||dr|||| 00| 0
007 ta
008 231121e1997 dr abco| |||| 00| 0 spa d
040 _aDO-SdBNP
_bspa
_cBNPHU
_erda
082 4 _222
_bV857L
100 _aVives, Vicens
_910502
_eautora
245 1 0 _aLengua y literatura 6 /
_cVicens Vives
264 2 _aSanto Domingo :
_bTaller,
_c1997
300 _a244 páginas :
_bIlustraciones ;
_c28 cm.
336 _2rdacontent
_atexto
_btxt
337 _2rdamedia
_asin mediación
_bn
338 _2rdacarrier
_avolumen
_bnc
500 _a6to. de básica, libro de texto
590 _aInventariado 2023 / DG
650 0 _aHistoria universal
_9933
700 1 _aGrimaldi Silié, Eleanor,
_d1948-
_985713
910 _aDG
942 _2ddc
_cLBS1
999 _c55597
_d55597